00909nam a2200145Ia 4500008004100000020001500041050002300056100003600079245008300115250001800198260002900216300001800245505047600263650002400739120720s1993 mx 000 0 spa d a9686161104 aHF5681.B2bC3 1993 aCalvo Langarica, Césareautor aAnálisis e Interpretación de Estados Financierosc / Cesar Calvo Langarica a8a. edición aMéxicob : PACc, 1992 a416 páginas aAspectos generales Método de razones Método de por cientos integrales Métodos gráficos Punto de equilibrio económico Métodos dinámicos Estados de resultados por diferencias Método de tendencias Deficiencias financieras Determinación del volumen de la óptima utilidad Los presupuestos y control presupuestal Capital de trabajo Práctica "Fabrica de Papel Los Reyes, S. A. de C. V." "Productos pradera, S. A. de C. V." "Empresa ARTIMET, S. A. de C. V."14aESTADOS FINANCIEROS